UM Logo

Readers' workshops : (Record no. 7998)

MARC details
000 -LEADER
fixed length control field 00735nam a2200193 4500
008 - FIXED-LENGTH DATA ELEMENTS--GENERAL INFORMATION
fixed length control field 171208b xxu||||| |||| 00| 0 eng d
020 ## - INTERNATIONAL STANDARD BOOK NUMBER
International Standard Book Number 0772519315
082 ## - DEWEY DECIMAL CLASSIFICATION NUMBER
Edition number 1992
Classification number DC 428.407
Item number R22
245 ## - TITLE STATEMENT
Title Readers' workshops :
Remainder of title bridging literature and literacy : Stories from teachers and their classrooms /
Statement of responsibility, etc. edited by Terry MacKenzie
260 ## - PUBLICATION, DISTRIBUTION, ETC. (IMPRINT)
Place of publication, distribution, etc. Ontario :
Name of publisher, distributor, etc. Irwin Pub.,
Date of publication, distribution, etc. ©1992
300 ## - PHYSICAL DESCRIPTION
Extent vi, 186 pages :
Other physical details illustrations ;
Dimensions 23 cm.
500 ## - GENERAL NOTE
General note Includes bibliographical references.
650 #0 - SUBJECT ADDED ENTRY--TOPICAL TERM
9 (RLIN) 24636
Topical term or geographic name as entry element Reading (Elementary)
650 #0 - SUBJECT ADDED ENTRY--TOPICAL TERM
9 (RLIN) 24637
Topical term or geographic name as entry element Reading (Secondary)
650 #0 - SUBJECT ADDED ENTRY--TOPICAL TERM
9 (RLIN) 24640
Topical term or geographic name as entry element Literature
General subdivision Study and teaching
650 #0 - SUBJECT ADDED ENTRY--TOPICAL TERM
9 (RLIN) 24641
Topical term or geographic name as entry element Literacy programs
700 ## - ADDED ENTRY--PERSONAL NAME
9 (RLIN) 24643
Personal name MacKenzie, Terry, editor.
942 ## - ADDED ENTRY ELEMENTS (KOHA)
Source of classification or shelving scheme Dewey Decimal Classification
Koha item type Circulation
Holdings
Withdrawn status Lost status Source of classification or shelving scheme Damaged status Not for loan Collection code Home library Current library Date acquired Source of acquisition Total Checkouts Full call number Barcode Date last seen Copy number Price effective from Koha item type
    Dewey Decimal Classification     Circulation UM Digos College - LIC UM Digos College - LIC   Purchased   DC 428.407 R22 1992 121179 05/15/2025 1 12/08/2017 Circulation